Vybrané kapitoly z medzinárodnej ekonomiky /

Uloženo v:
Podrobná bibliografie
Hlavní autor: Čorejová, Tatiana (Autor)
Médium: Kniha
Jazyk:slovenština
Vydáno: Žilina : Žilinská univerzita v Žiline, 2006
Vydání:1. vyd.
Témata:
ISBN:8080706182
On-line přístup: Získat plný text
Tagy: Přidat tag
Žádné tagy, Buďte první, kdo vytvoří štítek k tomuto záznamu!

MARC

LEADER 00000nam a2200000 4500
003 SK-BrCVT
005 20220621162854.0
008 070628s2006 xo e ||||||slo d
020 |a 8080706182 
035 |a CVTIDW1409223 
040 |b slo  |a CVTI SR  |e AACR2 
041 0 |a slo 
044 |a xo 
080 |a 33:004  |2 UDC-MRF 
100 1 |a Čorejová, Tatiana  |4 aut 
245 1 0 |a Vybrané kapitoly z medzinárodnej ekonomiky /  |c Autori: Tatiana Čorejová ... [et al.] 
250 |a 1. vyd. 
260 |a Žilina :  |b Žilinská univerzita v Žiline,  |c 2006 
300 |a 131 s. :  |b grafy, lit., obr., tab. ; 
500 |a Fakulta prevádzky a ekonomiky dopravy a spojov Žilinskej univerzity v Žiline 
653 1 |a súťažná politika  |a elektronická komunikácia  |a hospodárska súťaž  |a komunikačná sieť  |a telekomunikácie  |a zahraničné investície 
910 |b S602388  |b S602389 
919 |a 80-8070-618-2 
974 |f Knihy 
992 |a ASK 
999 |c 152910  |d 152910